Statystyki dla Zgadnij klub po przydomku #1

Kliknij tutaj aby rozwiązać quiz!

Ogólne statystyki

  • Ten quiz został rozwiązany 47 razy
  • Średni wynik to 10 z 15

Statystyki odpowiedzi

HintOdpowiedź% Poprawnych
KrólewscyReal Madryt
100%
Stara DamaJuventus
93%
LegioniściLegia Warszawa
93%
BlaugranaFC Barcelona
90%
Czerwone diabłyManchester United
90%
KolejorzLech Poznań
88%
BluesChelsea
85%
The RedsLiverpool
83%
RossoneriAC Milan
78%
Czarne KoszulePolonia Warszawa
61%
AptekarzeBayer Leverkusen
59%
MateraceAtletico Madryt
34%
The BeesBrentford
15%
The GersGlasgow Rangers
2%
Les Verts (Zieloni)Saint Etienne
2%

Rozkład punktacji

Percentyl według liczby udzielonych odpowiedzi

Procent ludzi z każdym wynikiem

Twoja historia wyników

Nie rozwiązałeś tego quizu